| 000 | 00943nam a22002175i 4500 | ||
|---|---|---|---|
| 001 | 152170 | ||
| 003 | ES-MaACL | ||
| 005 | 20250815145807.0 | ||
| 008 | 011112s1880 fr a |||| | fre d | ||
| 040 |
_aAS _bspa _cAS |
||
| 080 | _a7.01 | ||
| 100 | 1 |
_aBlanc, Charles. _929108 |
|
| 245 | 1 | 0 |
_aGrammaire des arts du dessin _b: architecture, sculpture, peinture : jardins, gravure en pierres fines, gravure en médailles, gravure en taille-douce, eau-forte, manière noire, aqua-tinte, gravure en bois, camaïeu, gravure en couleurs, lithographie / _cpar Charles Blanc. |
| 250 | _aNouvelle éd. | ||
| 260 |
_aParis : _bLibrairie Renouard, Henri Laurens, _c[s.a.] ( _eCorbeil : _fImprimerie Éd. Crété) |
||
| 300 |
_a691 p., [1] h. de lám. : _bil. ; _c28 cm. |
||
| 596 | _aFecha del prólogo, 1880. | ||
| 650 | 7 |
_aEstética _2embne _9142387 |
|
| 852 |
_aES-MaACL _jG-12906 _z-- Enc. pasta española |
||
| 999 |
_c152170 _d152170 |
||